Szczegóły MARC21

Samochodowy transport krajowy i międzynarodowy : kompendium wiedzy praktycznej. T.3, Środowisko pracy kierowcy, logistyka /

005 -DATA I CZAS OSTATNIEJ MODYFIKACJI [,]
    • @
    • pole kontrolne
    • 20080416112249.0
020 -Międzynarod. znormalizowany nr książki - ISBN [ , ]
    • a
    • Numer ISBN
    • 9788392174554 Find
040 -Instytucja sporządzająca opis [ , ]
    • a
    • Instytucja, która sporządziła opis (NP)
    • SZCZ U/BS
    • c
    • Instytucja, która sporządziła rekord (NP)
    • SZCZ U/BS
    • d
    • Instytucja, która zmodyfikowała rekord (P)
    • SZCZ U/RJ
041 -Język dokumentu [0, ]
    • a
    • Język tekstu (P)
    • polski
044 -Kraj miejsca wydania [ , ]
    • a
    • Kraj miejsca wydania
    • Polska
942 -Rodzaj dokumentu [ , ]
    • c
    • Rodzaj dokumentu
    • Książka
100 -Hasło główne - nazwa osobowa [1, ]
    • a
    • Nazwa osobowa (NP)
    • Starkowski, Dariusz.
    • 9
    • KHW
    • 68748
245 -Strefa tytułu i oznaczenia odpowiedzialności [1,0]
    • a
    • Tytuł
    • Samochodowy transport krajowy i międzynarodowy : Find
    • b
    • Ciąg dalszy tytułu (NP)
    • kompendium wiedzy praktycznej. Find
    • n
    • Oznaczenie części (P)
    • T.3,
    • p
    • Nazwa części (P)
    • Środowisko pracy kierowcy, logistyka /
    • c
    • Pozostałe elementy strefy tytułu i oznaczenia odpowiedzialności (NP)
    • Dariusz Starkowski, Krzysztof Bieńczak, Wiesław Zwierzycki.
260 -Strefa adresu wydawniczego [ , ]
    • a
    • Miejsce wydania (P)
    • Poznań :
    • b
    • Nazwa wydawcy (P)
    • Systherm D. Gazińska S. J.,
    • c
    • Data wydania (P)
    • 2007.
300 -Strefa opisu fizycznego [ , ]
    • a
    • Określenie formy książki i/lub objętość (NP)
    • 564 s. :
    • b
    • Oznaczenie ilustracji (NP)
    • il. ;
    • c
    • Format (NP)
    • 24 cm.
504 -Uwaga dot. bibliogr. załącznikowej [ , ]
    • a
    • Uwaga dot. bibliografii załącznikowej
    • Bibliogr.
080 -Uniwersalna Klasyfikacja Dziesiętna [ , ]
    • 2
    • Identyfikator wydania tablic
    • UDC-P058
    • a
    • Symbol klasyfikacji
    • 349.23/.24
    • b
    • Dopowiedzenie
    • Warunki pracy. Wynagrodzenie. Materialna odpowiedzialność w stosunku pracy. Czas pracy. Bezpieczeństwo i higiena pracy.
    • x
    • Poddział wspólny
    • (083.1)
    • b
    • Dopowiedzenie
    • (Przepisy. Instrukcje. Poradniki praktyczne).
080 -Uniwersalna Klasyfikacja Dziesiętna [ , ]
    • 2
    • Identyfikator wydania tablic
    • UDC-P058
    • a
    • Symbol klasyfikacji
    • 656.13
    • b
    • Dopowiedzenie
    • Transport samochodowy.
    • x
    • Poddział wspólny
    • (083.1)
    • b
    • Dopowiedzenie
    • (Przepisy. Instrukcje. Poradniki praktyczne).
080 -Uniwersalna Klasyfikacja Dziesiętna [ , ]
    • 2
    • Identyfikator wydania tablic
    • UDC-P058
    • a
    • Symbol klasyfikacji
    • 005.51
    • b
    • Dopowiedzenie
    • Planowanie. Logistyka.
    • x
    • Poddział wspólny
    • (083.1)
    • b
    • Dopowiedzenie
    • (Przepisy. Instrukcje. Poradniki praktyczne).
080 -Uniwersalna Klasyfikacja Dziesiętna [ , ]
    • 2
    • Identyfikator wydania tablic
    • UDC-P058
    • a
    • Symbol klasyfikacji
    • 351.81
    • b
    • Dopowiedzenie
    • Nadzór nad komunikacją, łącznością i transportem. Ruch drogowy, kolejowy, lotniczy i wodny. Zarządzenie dotyczące ulic i mostów. Oświetlenie ulic. Sygnalizacja świetlna. Nadzór nad pojazdami. Kontrola stanu technicznego pojazdów. Służby ruchu lotniczego. Prawo pocztowe. Nadzór nad telekomunikacją.
    • x
    • Poddział wspólny
    • (083.1)
    • b
    • Dopowiedzenie
    • (Przepisy. Instrukcje. Poradniki praktyczne).
980 -Symbol UKD [ , ]
    • a
    • UKD
    • 349.23/.24:656.13:005.51:351.81](083.1)
700 -Hasło dodatkowe - nazwa osobowa [1, ]
    • a
    • Nazwa osobowa (NP)
    • Bieńczak, Krzysztof. Find
    • 9
    • KHW
    • 68746
700 -Hasło dodatkowe - nazwa osobowa [1, ]
    • a
    • Nazwa osobowa (NP)
    • Zwierzycki, Wiesław. Find
    • 9
    • KHW
    • 68747
920 -ISBN [ , ]
    • a
    • ISBN
    • 978-83-921745-5-4 Find
Data inwentaryzacji Lokalizacja Status udost. Numer inwentarzowy
2008-02-06T-2T.9791